Pokémon par Habitat [RFVF] - Montagnes - Statistiques

Statistiques générales
  • Ce quiz a été pris 68 fois
  • Le résultat moyen est 39 sur 45
Statistiques - réponses
Pages Pokémon % Correct
Page 3 Machoc
98%
Machopeur
98%
Mackogneur
98%
Gravalanch
93%
Grolem
93%
Page 1 Racailllou
93%
Page 12 Embrylex
91%
Page 10 Magby
91%
Magmar
91%
Tyranocif
91%
Ymphect
91%
Page 8 Caratroc
89%
Charmina
89%
Colossinge
89%
Page 2 Férosinge
89%
Page 6 Limagma
89%
Méditikka
89%
Ossatueur
89%
Page 5 Osselait
89%
Volcaropod
89%
Camérupt
87%
Chamallot
87%
Hariyama
87%
Page 7 Makuhita
87%
Page 15 Ptéra
87%
Page 14 Absol
84%
Cadoizo
84%
Chartor
84%
Galegon
84%
Page 11 Galekid
84%
Galeking
84%
Teddiursa
84%
Ursaring
84%
Dracaufeu
82%
Page 17 Jirachi
82%
Reptincel
82%
Page 13 Ronflex
82%
Page 16 Salamèche
82%
Page 9 Scorplane
82%
Spinda
82%
Groret
80%
Page 4 Mélo
80%
Mélodelfe
80%
Mélofée
80%
Spoink
80%
Aucun quiz correspondant
Distribution des résultats
% des personnes avec chaque résultat
Percentile par nombre de réponses
Votre historique - résultats
Vous n’avez pas pris ce quiz